000 00593nam a2200229Ia 4500
003 OSt
005 20220928141445.0
006 a|||||r|||| 00| 0
007 ta
008 220927b |||||||| |||| 00| 0 eng d
024 _a15166
037 _cTextual
040 _aSDCL
_cSDCL
_beng
041 _2eng
_aeng
082 _aD65,5, N6
100 _aSelvarajan A
_9500290
245 0 _aOptoelctronics
_b Current trends.
260 _c1996
700 _a Shenai Krishna
_9500291
942 _hD65,5, N6
_cTEXL
_2CC
999 _c817575
_d817575